Systémová povaha hospodárstva a jej poznávanie
Náčrt možností a požiadaviek na hlbší prienik systémových princípov do postupov poznávania a racionalizácie v hospodárskej oblasti. Východiskom je zohľadnenie hospodárskej oblasti ako celku a jej poznatkové ohraničenie. Jeho poslaním je jej pomenovanie a vyčlenenie ako zvláštnej kultúrnej oblasti. T...
Salvato in:
| Autore principale: | |
|---|---|
| Natura: | Capitolo di libro |
| Lingua: | slovacco |
| Soggetti: | |
| Tags: |
Nessun Tag, puoi essere il primo ad aggiungerne!!
|
MARC
| LEADER | 00000naa a2200000 4500 | ||
|---|---|---|---|
| 001 | 0207414 | ||
| 005 | 20240502073440.6 | ||
| 041 | 0 | |a slo | |
| 044 | |a SK | ||
| 245 | 1 | 0 | |a Systémová povaha hospodárstva a jej poznávanie |c Vladimír Choluj |
| 520 | |a Náčrt možností a požiadaviek na hlbší prienik systémových princípov do postupov poznávania a racionalizácie v hospodárskej oblasti. Východiskom je zohľadnenie hospodárskej oblasti ako celku a jej poznatkové ohraničenie. Jeho poslaním je jej pomenovanie a vyčlenenie ako zvláštnej kultúrnej oblasti. To sú predpoklady na následné poznávanie vonkajších a vnútorných systémových príznakov hospodárstva. | ||
| 610 | 2 | 0 | |a ekonómia |
| 610 | 2 | 0 | |a hospodárstvo národné |
| 610 | 2 | 0 | |a štruktúra ekonomická |
| 610 | 2 | 0 | |a politika hospodárska |
| 100 | 1 | |a Choluj, Vladimír | |